LEADER 04012nam 22006375 450 001 9911018743203321 005 20250806174727.0 010 $a9783031970665$b(electronic bk.) 010 $z9783031970658 024 7 $a10.1007/978-3-031-97066-5 035 $a(MiAaPQ)EBC32253829 035 $a(Au-PeEL)EBL32253829 035 $a(CKB)40093117400041 035 $a(DE-He213)978-3-031-97066-5 035 $a(EXLCZ)9940093117400041 100 $a20250806d2025 u| 0 101 0 $aeng 135 $aurcnu|||||||| 181 $ctxt$2rdacontent 182 $cc$2rdamedia 183 $acr$2rdacarrier 200 14$aThe Dual Challenge of Tolerable Economic Inequality $eA Multidisciplinary Analysis of Definition Dilemmas and the Risks of Acceptable Disparities /$fby Maurizio Bovi 205 $a1st ed. 2025. 210 1$aCham :$cSpringer Nature Switzerland :$cImprint: Springer,$d2025. 215 $a1 online resource (240 pages) 225 1 $aEconomic Studies in Inequality, Social Exclusion and Well-Being,$x2364-1088 311 08$aPrint version: Bovi, Maurizio The Dual Challenge of Tolerable Economic Inequality Cham : Springer,c2025 9783031970658 327 $aChapter 1. Introduction -- Part I. Challenge One: No Consensus on What Constitutes Morally Tolerable Economic Inequality -- Chapter 2. Some Preliminary Considerations on Distributive Justice -- Chapter 3. Tolerable Inequality According to Radical Egalitarians -- Chapter 4. Tolerable Inequality According to Desert-Based and Meritocratic Theories -- Chapter 5. Tolerable Inequality According to Utilitarians -- Chapter 6. Tolerable Inequality According to John Rawls -- Chapter 7. Tolerable Inequality According to Amartya Sen -- Part II. Challenge Two: Tolerable Economic Inequality Can Turn Intolerable -- Chapter 8. Economic Inequality and the Family -- Chapter 9. Economic Inequality and the City -- Chapter 10. Economic Inequality and the Firm -- Chapter 11. Economic Inequality and the Nation. 330 $aThis book tackles two central challenges in the discourse on economic inequality. First, there is no consensus on what constitutes a morally acceptable inequality, as even philosophers struggle to conceptualize benchmarks for distinguishing between acceptable and unacceptable disparities. Second, while tolerable inequality has the potential to evolve into systemic patterns of polarization, segregation, and discrimination, it can ultimately escalate into unjustifiable inequality. This self-reinforcing cycle complicates efforts to achieve equitable distributions. The book explores these challenges in two sections through a multidisciplinary lens. Part one discusses distributive justice and philosophical debates surrounding inequality?s acceptable boundaries. Part two employs the concept of social aggregations?such as families, cities, firms, and nations?to examine how even initially tolerable inequality can spread and intensify through interconnected social systems. By emphasizing the relational nature of inequality, the book underscores its systemic complexity and the need for holistic understanding. 410 0$aEconomic Studies in Inequality, Social Exclusion and Well-Being,$x2364-1088 606 $aSpace in economics 606 $aWell-being 606 $aWelfare state 606 $aPhilosophy 606 $aEconomics 606 $aSpatial Economics 606 $aWell-Being 606 $aWelfare 606 $aPhilosophy of Economics 615 0$aSpace in economics. 615 0$aWell-being. 615 0$aWelfare state. 615 0$aPhilosophy. 615 0$aEconomics. 615 14$aSpatial Economics. 615 24$aWell-Being. 615 24$aWelfare. 615 24$aPhilosophy of Economics. 676 $a330.91 700 $aBovi$b Maurizio$0129171 801 0$bMiAaPQ 801 1$bMiAaPQ 801 2$bMiAaPQ 912 $a9911018743203321 996 $aThe Dual Challenge of Tolerable Economic Inequality$94414807 997 $aUNINA